Manual de derecho constitucional (Registro nro. 810)
[ vista simple ]
| 000 -LEADER | |
|---|---|
| fixed length control field | 01372 a2200229 4500 |
| 001 - CONTROL NUMBER | |
| control field | 21544 |
| 005 - DATE AND TIME OF LATEST TRANSACTION | |
| control field | 20260407155505.0 |
| 008 - FIXED-LENGTH DATA ELEMENTS--GENERAL INFORMATION | |
| fixed length control field | 260407a2011 arg spa d |
| 003 - CONTROL NUMBER IDENTIFIER | |
| control field | AR-UNSa-BCEJYS |
| 040 ## - CATALOGING SOURCE | |
| Original cataloging agency | AR-UNSa-BCEJYS |
| Language of cataloging | spa |
| Transcribing agency | AR-UNSa-BCEJYS |
| 080 ## - UNIVERSAL DECIMAL CLASSIFICATION NUMBER | |
| Universal Decimal Classification number | 342 |
| Common auxiliary subdivision | Derecho constitucional (Derecho Público) |
| 020 ## - INTERNATIONAL STANDARD BOOK NUMBER | |
| International Standard Book Number | 978-987-03-1901-6 |
| 041 ## - LANGUAGE CODE | |
| Language code of text/sound track or separate title | spa |
| 100 1# - MAIN ENTRY--PERSONAL NAME | |
| Personal name | Badeni, Gregorio |
| 245 10 - TITLE STATEMENT | |
| Title | Manual de derecho constitucional |
| 264 #1 - PRODUCTION, PUBLICATION, DISTRIBUTION, MANUFACTURE, AND COPYRIGHT NOTICE | |
| Place of production, publication, distribution, manufacture | Buenos Aires : |
| Name of producer, publisher, distributor, manufacturer | La Ley |
| Date of production, publication, distribution, manufacture, or copyright notice | 2011 |
| 300 ## - PHYSICAL DESCRIPTION | |
| Extent | xxvii, 1088 p. |
| Dimensions | 24 cm. |
| 505 ## - FORMATTED CONTENTS NOTE | |
| Formatted contents note | 1. Derecho Constitucional - 2. La Constitución - 3. Dinámica del poder constituyente - 4. Supremacía constitucional y control de constitucionalidad - 5. Estado y gobierno - 6. La libertad constitucional - 7. Las libertades civiles - 8. Libertad de expresión - 9. Las libertades patrimoniales - 10. Libertad de trabajo y seguridad social - 11. Libertad fiscal y poder impositivo - 12. Las libertades políticas - 13. Las garantías constitucionales - 14. Las garantías jurisdiccionales - 15. Las garantías institucionales - 16. Poder legislativo - 17. La actividad del congreso - 18. Poder Ejecutivo - 19. Poder Judicial |
| 590 ## - LOCAL NOTE (RLIN) | |
| Local note | niveau_biblio:m niveau_hierar:0 |
| 856 41 - ELECTRONIC LOCATION AND ACCESS | |
| Uniform Resource Identifier | <a href="https://biblioeco.unsa.edu.ar/pmb/images/libros/Manual de Derecho Conititucional(gregorio badeni)2.jpg">https://biblioeco.unsa.edu.ar/pmb/images/libros/Manual de Derecho Conititucional(gregorio badeni)2.jpg</a> |
| Link text | Imagen de portada |
| Electronic format type | image/jpeg |
| 942 ## - ADDED ENTRY ELEMENTS (KOHA) | |
| Koha item type | |
| Withdrawn status | Lost status | Damaged status | Not for loan | Home library | Current library | Shelving location | Date acquired | Total checkouts | Full call number | Barcode | Date last seen | Price effective from | Koha item type | Public note |
|---|---|---|---|---|---|---|---|---|---|---|---|---|---|---|
| Biblioteca Prof. Eusebio Cleto del Rey | Biblioteca Prof. Eusebio Cleto del Rey | 07/04/2026 | 342 B134 | L119412 | 07/04/2026 | 07/04/2026 | Libro | PÁG. 695 A 708 UN POCO ROTA EN LA PARTE SUPERIOR - CANTO MANCHA ROJA LEVE | ||||||
| Biblioteca Prof. Eusebio Cleto del Rey | Biblioteca Prof. Eusebio Cleto del Rey | 07/04/2026 | 342 B134 | L119413 | 07/04/2026 | 07/04/2026 | Libro | |||||||
| Biblioteca Prof. Eusebio Cleto del Rey | Biblioteca Prof. Eusebio Cleto del Rey | 07/04/2026 | 342 B134 | L119414 | 07/04/2026 | 07/04/2026 | Libro | TAPA DESPEGADA - LÁPIZ MUY LEVE - CANTO INFERIOR MANCHADO C/ FIBRA VERDE - CANTO SUCIO | ||||||
| Biblioteca Prof. Eusebio Cleto del Rey | Biblioteca Prof. Eusebio Cleto del Rey | 07/04/2026 | 342 B134 | L125531 | 07/04/2026 | 07/04/2026 | Libro | CANTO UN POCO MANCHADO C/ MATE - TAPA SEMISUELTA - PARTIDO PÁG. 190 | ||||||
| Biblioteca Prof. Eusebio Cleto del Rey | Biblioteca Prof. Eusebio Cleto del Rey | 07/04/2026 | 342 B134 | L125530 | 07/04/2026 | 07/04/2026 | Libro | CANTO INFERIOR MANCHADO - CANTO UN POCO SUCIO - PARTIDO PÁG. 277 - HOJAS ESQUINA INFERIOR MANCHAS NEGRAS LEVES Y UN POCO DOBLADAS | ||||||
| Biblioteca Prof. Eusebio Cleto del Rey | Biblioteca Prof. Eusebio Cleto del Rey | 07/04/2026 | 342 B134 | L125529 | 07/04/2026 | 07/04/2026 | Libro | CANTO MANCHADO LEVE |